LEADER 01835oam 2200481 450 001 9910704654003321 005 20140117081856.0 035 $a(CKB)5470000002443175 035 $a(OCoLC)849507699 035 $a(EXLCZ)995470000002443175 100 $a20130619d2013 ua 0 101 0 $aeng 135 $aur||||||||||| 181 $ctxt$2rdacontent 182 $cc$2rdamedia 183 $acr$2rdacarrier 200 10$aReauthorization of the Federal Trade Commission (FTC) $ehearing before the Committee on Commerce, Science, and Transportation, United States Senate, One Hundred Eighth Congress, first session, June 11, 2003 210 1$aWashington :$cU.S. Government Printing Office,$d2013. 215 $a1 online resource (iii, 87 pages) 225 1 $aS. hrg. ;$v108-951 300 $aTitle from title screen (viewed on June 19, 2013). 300 $aPaper version available for sale by the Superintendent of Documents, United States Government Printing Office. 320 $aIncludes bibliographical references. 517 $aReauthorization of the Federal Trade Commission 606 $aConsumer protection$xLaw and legislation$zUnited States 606 $aConsumer protection$xLaw and legislation$2fast 606 $aExpenditures, Public$2fast 606 $aManagement$xEvaluation$2fast 607 $aUnited States$2fast 608 $aLegislative materials.$2lcgft 615 0$aConsumer protection$xLaw and legislation 615 7$aConsumer protection$xLaw and legislation. 615 7$aExpenditures, Public. 615 7$aManagement$xEvaluation. 801 0$bGPO 801 1$bGPO 801 2$bGPO 801 2$bOCLCF 801 2$bGPO 906 $aBOOK 912 $a9910704654003321 996 $aReauthorization of the Federal Trade Commission (FTC)$93464947 997 $aUNINA